[Event "4. Open Hotel Avenida de Canarias 2010"]
[Site "Vecindario ESP"]
[Date "2010.07.19"]
[Round "3.33"]
[White "Perez Castellano, Yaiza"]
[Black "Almeida Sanchez, Ciriaco"]
[Result "0-1"]
[WhiteElo "1610"]
[BlackElo "2002"]
[PlyCount "30"]
[EventDate "2010.07.18"]
[EventType "swiss"]
[EventRounds "9"]
[EventCountry "ESP"]
[Source "lmi"]
[SourceDate "2010.07.18"]

1. e4 e5 2. Nf3 Nf6 3. Nc3 Nc6 4. Bb5 Bc5 5. d3 O-O 6. Bxc6 dxc6 7. Nxe5 Bxf2+
8. Kxf2 Qd4+ 9. Be3 Qxe5 10. Qf3 Ng4+ 11. Ke2 f5 12. d4 Qa5 13. Raf1 Bd7 14. e5
Be6 15. b3 Qxc3 0-1

[Event "4. Open Hotel Avenida de Canarias 2010"]
[Site "Vecindario ESP"]
[Date "2010.07.19"]
[Round "3.34"]
[White "Stojanovic, Kosara"]
[Black "Reyes Molina, Juan Pedro"]
[Result "1/2-1/2"]
[WhiteElo "1954"]
[BlackElo "1672"]
[PlyCount "21"]
[EventDate "2010.07.18"]
[EventType "swiss"]
[EventRounds "9"]
[EventCountry "ESP"]
[Source "lmi"]
[SourceDate "2010.07.18"]

1. e4 e5 2. Nf3 Nc6 3. Bc4 Bc5 4. c3 Nf6 5. d3 d6 6. O-O O-O 7. Bg5 Na5 8. Bb5
a6 9. Ba4 b5 10. Bc2 Ba7 11. Nbd2 1/2-1/2

[Event "4. Open Hotel Avenida de Canarias 2010"]
[Site "Vecindario ESP"]
[Date "2010.07.19"]
[Round "3.35"]
[White "Santana Gil, Odama"]
[Black "Mayor Gonzalez, Julio"]
[Result "0-1"]
[WhiteElo "1606"]
[BlackElo "1918"]
[PlyCount "68"]
[EventDate "2010.07.18"]
[EventType "swiss"]
[EventRounds "9"]
[EventCountry "ESP"]
[Source "lmi"]
[SourceDate "2010.07.18"]

1. e4 d5 2. exd5 Nf6 3. Nc3 Nxd5 4. Nf3 c6 5. d4 Bg4 6. h3 Bh5 7. Bc4 e6 8.
Nxd5 cxd5 9. Bd3 Nc6 10. c3 Bd6 11. O-O Bc7 12. Re1 Qd6 13. Bd2 O-O-O 14. b4 f6
15. a4 e5 16. Bf5+ Kb8 17. Bg4 Bxg4 18. hxg4 e4 19. g3 exf3 20. Qxf3 Rde8 21.
Bf4 Qd7 22. Bxc7+ Kxc7 23. a5 Rxe1+ 24. Rxe1 a6 25. Qd3 Na7 26. c4 Re8 27. Rc1
Kb8 28. Qd2 dxc4 29. Rxc4 Qd5 30. Rc1 Nc6 31. Qf4+ Ka8 32. Rd1 Nxd4 33. Qc1
Nf3+ 34. Kg2 Ne1+ 0-1

[Event "4. Open Hotel Avenida de Canarias 2010"]
[Site "Vecindario ESP"]
[Date "2010.07.19"]
[Round "3.36"]
[White "Guerrero Romero, Antonio"]
[Black "Galiana Canillas, Antonio"]
[Result "1/2-1/2"]
[WhiteElo "1911"]
[BlackElo "1659"]
[PlyCount "105"]
[EventDate "2010.07.18"]
[EventType "swiss"]
[EventRounds "9"]
[EventCountry "ESP"]
[Source "lmi"]
[SourceDate "2010.07.18"]

1. d4 d5 2. Nf3 Nf6 3. Bf4 c5 4. c3 c4 5. Nbd2 Bf5 6. Nh4 Bd7 7. Qc2 e6 8. Nhf3
Nc6 9. e4 Nh5 10. Be3 Be7 11. e5 g6 12. Bh6 Bf8 13. Bxf8 Kxf8 14. h4 b5 15. g3
b4 16. Be2 f6 17. O-O f5 18. Ng5 Ng7 19. f4 h6 20. Nh3 a5 21. Kg2 a4 22. Nf3
Kf7 23. b3 Qb6 24. bxc4 b3 25. Qb2 Rhb8 26. cxd5 exd5 27. a3 Ne6 28. Nf2 Rc8
29. Nd3 Na5 30. Nb4 Qb7 31. Rac1 Nc4 32. Bxc4 Rxc4 33. Nd2 Rc7 34. Rf3 Bb5 35.
Kf2 Rac8 36. Rd1 Rd7 37. Nb1 Rdc7 38. Rd2 Re8 39. Kg2 Nd8 40. Re3 Ke6 41. Qc1
Nc6 42. Nxc6 Rxc6 43. Qd1 Rec8 44. Qf3 h5 45. Kf2 R6c7 46. Ke1 Ba6 47. Rb2 Qb5
48. Kd1 Qe8 49. Kc1 Bc4 50. Qf2 Qb5 51. Rd2 Rb8 52. Kb2 Rbc8 53. Rd1 1/2-1/2

[Event "4. Open Hotel Avenida de Canarias 2010"]
[Site "Vecindario ESP"]
[Date "2010.07.19"]
[Round "3.37"]
[White "Cruz Pino, Adrian"]
[Black "Reyes Hidalgo, Alejandro"]
[Result "1-0"]
[WhiteElo "1871"]
[BlackElo "1613"]
[PlyCount "46"]
[EventDate "2010.07.18"]
[EventType "swiss"]
[EventRounds "9"]
[EventCountry "ESP"]
[Source "lmi"]
[SourceDate "2010.07.18"]

1. e4 e6 2. d4 d5 3. Nc3 a6 4. a3 dxe4 5. Nxe4 Nc6 6. Nf3 Be7 7. Bf4 Nf6 8.
Nxf6+ Bxf6 9. c3 O-O 10. Bd3 Re8 11. O-O b5 12. a4 bxa4 13. Rxa4 Ne7 14. Qe2
Nd5 15. Bg3 Nb6 16. Ra5 Bb7 17. Nd2 Be7 18. Ne4 Nd7 19. Rfa1 Qc8 20. Bxa6 Bxa6
21. Rxa6 Rxa6 22. Rxa6 Nb6 23. Qb5 Qb7 1-0

[Event "4. Open Hotel Avenida de Canarias 2010"]
[Site "Vecindario ESP"]
[Date "2010.07.19"]
[Round "3.38"]
[White "Santana Benitez, Romen"]
[Black "Estevez Hernandez, Cristo"]
[Result "1/2-1/2"]
[WhiteElo "1573"]
[BlackElo "1870"]
[PlyCount "39"]
[EventDate "2010.07.18"]
[EventType "swiss"]
[EventRounds "9"]
[EventCountry "ESP"]
[Source "lmi"]
[SourceDate "2010.07.18"]

1. d4 Nf6 2. c4 e6 3. Nc3 Bb4 4. Qc2 O-O 5. Bg5 d5 6. Nf3 h6 7. Bh4 Nc6 8. e3
Be7 9. Bd3 Nb4 10. Qd2 Nxd3+ 11. Qxd3 b6 12. cxd5 exd5 13. O-O Bb7 14. Rac1 Re8
15. Bg3 c6 16. a3 Bd6 17. Ne5 Bxe5 18. Bxe5 Nd7 19. Bg3 Qe7 20. Rfe1 1/2-1/2

[Event "4. Open Hotel Avenida de Canarias 2010"]
[Site "Vecindario ESP"]
[Date "2010.07.19"]
[Round "3.39"]
[White "Marrero Lopez, Agustin"]
[Black "Perez Martin, Alain"]
[Result "1-0"]
[WhiteElo "1869"]
[BlackElo "1607"]
[PlyCount "71"]
[EventDate "2010.07.18"]
[EventType "swiss"]
[EventRounds "9"]
[EventCountry "ESP"]
[Source "lmi"]
[SourceDate "2010.07.18"]

1. d4 d5 2. c4 e6 3. cxd5 exd5 4. Nc3 Nf6 5. Bg5 Bb4 6. Rc1 O-O 7. e3 Re8 8.
Be2 Nc6 9. Nf3 h6 10. Bh4 g5 11. Bg3 Bf5 12. O-O Bxc3 13. bxc3 Qd7 14. Bb5 a6
15. Ne5 Qe6 16. Bxc6 bxc6 17. Qa4 Ng4 18. Nxg4 Bxg4 19. Bxc7 h5 20. Rfe1 h4 21.
Qc2 h3 22. f3 Bf5 23. Qf2 hxg2 24. Qxg2 f6 25. Bg3 Re7 26. Rcd1 Rb8 27. Bxb8
Rh7 28. Bg3 Bh3 29. Qb2 Qf5 30. Qf2 Rb7 31. e4 dxe4 32. fxe4 Qe6 33. d5 cxd5
34. exd5 Qg4 35. Qxf6 Rf7 36. Re8+ 1-0

[Event "4. Open Hotel Avenida de Canarias 2010"]
[Site "Vecindario ESP"]
[Date "2010.07.20"]
[Round "4.1"]
[White "Martinez Martin, David"]
[Black "Salgado Lopez, Ivan"]
[Result "0-1"]
[WhiteElo "2406"]
[BlackElo "2607"]
[PlyCount "106"]
[EventDate "2010.07.18"]
[EventType "swiss"]
[EventRounds "9"]
[EventCountry "ESP"]
[Source "lmi"]
[SourceDate "2010.07.18"]

1. Nf3 d5 2. e3 g6 3. c4 Nf6 4. Nc3 Bg7 5. Qb3 e6 6. d4 O-O 7. Be2 b6 8. cxd5
exd5 9. O-O Bb7 10. Ne5 Qe7 11. f4 c5 12. Bf3 Nc6 13. Nxd5 Nxd5 14. Bxd5 Na5
15. Bxf7+ Rxf7 16. Qxf7+ Qxf7 17. Nxf7 Kxf7 18. dxc5 Rd8 19. cxb6 axb6 20. Re1
Be4 21. Kf2 Ke6 22. Re2 Nc4 23. a4 h5 24. a5 bxa5 25. Ra4 Bd3 26. Re1 Rc8 27.
e4 Bc2 28. Ra2 Bb3 29. Ra1 Bd4+ 30. Kf3 a4 31. g4 h4 32. f5+ Kf7 33. Bf4 g5 34.
Bxg5 Ne5+ 35. Kg2 Rc2+ 36. Kh3 Nf3 37. Bxh4 Bxb2 38. e5 Nxh4 39. Kxh4 a3 40.
e6+ Ke7 41. g5 Bxa1 42. f6+ Ke8 43. f7+ Ke7 44. Rxa1 a2 45. Rf1 Rc8 46. g6 Bxe6
47. Kg5 Ra8 48. Kh6 Bh3 49. Re1+ Kf8 50. Rg1 Bf5 51. h4 Bxg6 52. Kxg6 a1=Q 53.
Rxa1 Rxa1 0-1

[Event "4. Open Hotel Avenida de Canarias 2010"]
[Site "Vecindario ESP"]
[Date "2010.07.20"]
[Round "4.2"]
[White "Kurajica, Bojan"]
[Black "Vidarte Morales, Arturo"]
[Result "1/2-1/2"]
[WhiteElo "2528"]
[BlackElo "2409"]
[PlyCount "73"]
[EventDate "2010.07.18"]
[EventType "swiss"]
[EventRounds "9"]
[EventCountry "ESP"]
[Source "lmi"]
[SourceDate "2010.07.18"]

1. d4 Nf6 2. Nf3 g6 3. g3 Bg7 4. Bg2 O-O 5. O-O d5 6. c4 Nc6 7. cxd5 Nxd5 8. e4
Nb6 9. d5 Na5 10. Qd2 Nac4 11. Qc2 Bd7 12. a4 a5 13. Nc3 c6 14. dxc6 Bxc6 15.
Rd1 Qc7 16. b3 Ne5 17. Nd4 Rac8 18. Bb2 Rfd8 19. Ncb5 Bxb5 20. Qxc7 Rxc7 21.
Nxb5 Rcd7 22. Rxd7 Rxd7 23. f4 Nf3+ 24. Bxf3 Bxb2 25. Rb1 Bd4+ 26. Kf1 Bc5 27.
Ke2 Bb4 28. Rb2 e5 29. Rc2 Re7 30. h4 Nd7 31. Rc8+ Kg7 32. Rc7 b6 33. Na7 Bd6
34. Rc6 Bc5 35. Rc7 Bd6 36. Rc6 Bc5 37. Rc7 1/2-1/2

[Event "4. Open Hotel Avenida de Canarias 2010"]
[Site "Vecindario ESP"]
[Date "2010.07.20"]
[Round "4.3"]
[White "Munoz Pantoja, Miguel"]
[Black "Cabrera Trujillo, Jorge"]
[Result "1-0"]
[WhiteElo "2494"]
[BlackElo "2365"]
[PlyCount "65"]
[EventDate "2010.07.18"]
[EventType "swiss"]
[EventRounds "9"]
[EventCountry "ESP"]
[Source "lmi"]
[SourceDate "2010.07.18"]

1. e4 c5 2. Nf3 d6 3. Bb5+ Nd7 4. c4 a6 5. Ba4 Ngf6 6. Nc3 e5 7. d3 Be7 8. O-O
O-O 9. Ne1 Ne8 10. f4 exf4 11. Bxf4 Nc7 12. Nf3 Rb8 13. Bxd7 Bxd7 14. d4 Rc8
15. dxc5 dxc5 16. Nd5 Nxd5 17. cxd5 Bb5 18. Rf2 Qe8 19. e5 Bd8 20. Qc2 c4 21.
Re1 Ba5 22. Bd2 Bb6 23. Be3 Ba5 24. Rc1 g6 25. Qe4 Qd7 26. Ng5 Rce8 27. e6 fxe6
28. Nxe6 Rxf2 29. Bxf2 Qf7 30. Qe5 h6 31. Bd4 Kh7 32. Rf1 Qg8 33. Qf6 1-0

[Event "4. Open Hotel Avenida de Canarias 2010"]
[Site "Vecindario ESP"]
[Date "2010.07.20"]
[Round "4.4"]
[White "Andres Gonzalez, Alberto"]
[Black "Pile, Richard"]
[Result "1/2-1/2"]
[WhiteElo "2492"]
[BlackElo "2317"]
[PlyCount "77"]
[EventDate "2010.07.18"]
[EventType "swiss"]
[EventRounds "9"]
[EventCountry "ESP"]
[Source "lmi"]
[SourceDate "2010.07.18"]

1. c4 Nf6 2. Nf3 b6 3. g3 Bb7 4. Bg2 c5 5. O-O e6 6. d3 Nc6 7. e4 d6 8. Nc3 Be7
9. d4 e5 10. dxe5 dxe5 11. Nd5 O-O 12. Re1 Ne8 13. b3 Nc7 14. Bb2 Bd6 15. Nh4
Nxd5 16. Nf5 Nf4 17. gxf4 Nd4 18. Bxd4 cxd4 19. Qg4 g6 20. fxe5 Bxe5 21. f4
Bxf4 22. Qxf4 gxf5 23. exf5 Bxg2 24. Kxg2 Qf6 25. Qe5 Kg7 26. Rad1 Rad8 27. Rd3
Qxe5 28. Rxe5 Kf6 29. Re4 Rg8+ 30. Kf2 Rg5 31. Rdxd4 Rxf5+ 32. Ke3 Rxd4 33.
Rxd4 Ra5 34. Rf4+ Ke6 35. Re4+ Kf6 36. Rf4+ Ke6 37. Re4+ Kf6 38. Rf4+ Ke6 39.
Re4+ 1/2-1/2

[Event "4. Open Hotel Avenida de Canarias 2010"]
[Site "Vecindario ESP"]
[Date "2010.07.20"]
[Round "4.5"]
[White "Menvielle Laccourreye, Augusto"]
[Black "Vera Gonzalez-Quevedo, Reynaldo"]
[Result "0-1"]
[WhiteElo "2245"]
[BlackElo "2513"]
[PlyCount "78"]
[EventDate "2010.07.18"]
[EventType "swiss"]
[EventRounds "9"]
[EventCountry "ESP"]
[Source "lmi"]
[SourceDate "2010.07.18"]

1. e4 c5 2. Nf3 e6 3. d4 cxd4 4. Nxd4 Nf6 5. Nc3 d6 6. Bd3 a6 7. O-O Be7 8. Be3
b5 9. f4 b4 10. Nb1 Bb7 11. Nd2 Nbd7 12. Qf3 Nc5 13. N4b3 Nxd3 14. cxd3 O-O 15.
Rac1 Rc8 16. Rxc8 Qxc8 17. Rc1 Qb8 18. Na5 Ba8 19. Nab3 d5 20. Qe2 dxe4 21.
dxe4 Nxe4 22. Nxe4 Bxe4 23. Bc5 Bxc5+ 24. Nxc5 Bd5 25. Qf2 Rc8 26. b3 h6 27.
Qe3 Qa8 28. Rc2 a5 29. Qf2 Qc6 30. Rc1 Rc7 31. h3 Qd6 32. Qe3 Qe7 33. Qd4 Qh4
34. Qe3 Qf6 35. Qd2 g5 36. fxg5 Qxg5 37. Qxg5+ hxg5 38. Kf2 f5 39. g3 Rh7 0-1

[Event "4. Open Hotel Avenida de Canarias 2010"]
[Site "Vecindario ESP"]
[Date "2010.07.20"]
[Round "4.6"]
[White "Larino Nieto, David"]
[Black "Leon Varela, Luis"]
[Result "1-0"]
[WhiteElo "2461"]
[BlackElo "2170"]
[PlyCount "93"]
[EventDate "2010.07.18"]
[EventType "swiss"]
[EventRounds "9"]
[EventCountry "ESP"]
[Source "lmi"]
[SourceDate "2010.07.18"]

1. e4 e6 2. d3 d5 3. Nd2 Nf6 4. Ngf3 Bc5 5. e5 Nfd7 6. Nb3 Bb6 7. h4 c5 8. c4
Nc6 9. Bf4 Qc7 10. Qe2 Ba5+ 11. Nxa5 Qxa5+ 12. Bd2 Qc7 13. cxd5 exd5 14. d4 O-O
15. dxc5 Ndxe5 16. O-O-O Bf5 17. Nxe5 Nxe5 18. Bc3 Rfe8 19. Qb5 Nc6 20. Bd3
Qf4+ 21. Kb1 d4 22. Bd2 Qxf2 23. Rhf1 Bxd3+ 24. Qxd3 Qe2 25. Qb3 Qe6 26. Qxb7
Rab8 27. Qc7 Qe4+ 28. Ka1 Re7 29. Qf4 Qc2 30. Bc3 Qe4 31. Qxe4 Rxe4 32. Bd2
Rxh4 33. a3 Re4 34. Rf5 Rd8 35. b4 a6 36. Kb1 f6 37. Re1 Rxe1+ 38. Bxe1 Re8 39.
Bd2 Re2 40. Kc1 Rxg2 41. a4 Rg1+ 42. Kc2 Ne5 43. Rxe5 fxe5 44. c6 Rg6 45. b5
axb5 46. axb5 Kf7 47. c7 1-0

[Event "4. Open Hotel Avenida de Canarias 2010"]
[Site "Vecindario ESP"]
[Date "2010.07.20"]
[Round "4.7"]
[White "Campos Gambuti, Luis Maria"]
[Black "Hernandez Leon, Alberto"]
[Result "1/2-1/2"]
[WhiteElo "2446"]
[BlackElo "2274"]
[PlyCount "33"]
[EventDate "2010.07.18"]
[EventType "swiss"]
[EventRounds "9"]
[EventCountry "ESP"]
[Source "lmi"]
[SourceDate "2010.07.18"]

1. d4 c5 2. d5 g6 3. e4 Bg7 4. Nc3 d6 5. Bb5+ Bd7 6. a4 Nf6 7. Nf3 O-O 8. Nd2
Bxb5 9. axb5 Nbd7 10. Qe2 Nb6 11. O-O Ne8 12. f4 Nc7 13. Nd1 Qd7 14. Ra5 e6 15.
dxe6 Nxe6 16. c3 f5 17. exf5 1/2-1/2

[Event "4. Open Hotel Avenida de Canarias 2010"]
[Site "Vecindario ESP"]
[Date "2010.07.20"]
[Round "4.8"]
[White "Perez Felipe, Marcos Adrian"]
[Black "Rudolf, Anna"]
[Result "1-0"]
[WhiteElo "2273"]
[BlackElo "2393"]
[PlyCount "105"]
[EventDate "2010.07.18"]
[EventType "swiss"]
[EventRounds "9"]
[EventCountry "ESP"]
[Source "lmi"]
[SourceDate "2010.07.18"]

1. d4 e6 2. c4 Nf6 3. Nc3 Bb4 4. f3 d5 5. a3 Bxc3+ 6. bxc3 O-O 7. e3 b6 8. cxd5
exd5 9. Bd3 Re8 10. Ne2 c5 11. O-O Ba6 12. Ng3 Bxd3 13. Qxd3 Nc6 14. Ra2 Qe7
15. Re2 Rad8 16. Bb2 Qd7 17. Nf5 Ne7 18. Ng3 Ng6 19. Qd2 h5 20. Rfe1 h4 21. Nh1
Qf5 22. Nf2 Qg5 23. Qd3 c4 24. Qc2 Nh5 25. Nh3 Qe7 26. Bc1 Rd6 27. Qf5 Nf6 28.
e4 Qe6 29. Qg5 Qd7 30. e5 Nh7 31. Qh5 Rc6 32. Nf2 Nhf8 33. Nh3 Nh7 34. Bd2 b5
35. Nf4 Nxf4 36. Bxf4 Qe7 37. Bc1 Qe6 38. Qxh4 Qf5 39. Qf2 g5 40. g4 Qd7 41. h4
Rg6 42. Qg3 gxh4 43. Qxh4 Kg7 44. Rh2 Rh8 45. Bf4 Qe6 46. Kf2 a5 47. Reh1 Qd7
48. e6 Rxe6 49. Be5+ f6 50. Qh6+ Kg8 51. Qg6+ Qg7 52. Qf5 Rc6 53. Rh6 1-0

[Event "4. Open Hotel Avenida de Canarias 2010"]
[Site "Vecindario ESP"]
[Date "2010.07.20"]
[Round "4.9"]
[White "Natalicchio Escalante, Nicolas"]
[Black "Tatai, Stefano"]
[Result "1/2-1/2"]
[WhiteElo "2193"]
[BlackElo "2357"]
[PlyCount "111"]
[EventDate "2010.07.18"]
[EventType "swiss"]
[EventRounds "9"]
[EventCountry "ESP"]
[Source "lmi"]
[SourceDate "2010.07.18"]

1. d4 d5 2. c4 dxc4 3. e4 e5 4. Nf3 Bb4+ 5. Nc3 exd4 6. Nxd4 Ne7 7. Bxc4 Nbc6
8. Be3 Nxd4 9. Bxd4 O-O 10. O-O Nc6 11. Nd5 Nxd4 12. Nxb4 c6 13. Nc2 Be6 14.
Bxe6 Nxe6 15. Qxd8 Rfxd8 16. Rad1 Nc5 17. f3 Na4 18. Ne3 g6 19. Rxd8+ Rxd8 20.
Rd1 Rxd1+ 21. Nxd1 Kf8 22. Kf2 Ke7 23. Ke3 Kd6 24. b3 Nc5 25. f4 f6 26. Nc3 a5
27. Ne2 a4 28. b4 Na6 29. a3 Nc7 30. Nc3 b5 31. Kd4 Ne6+ 32. Ke3 g5 33. g3 h5
34. h4 gxh4 35. gxh4 Nf8 36. Kd4 Ng6 37. e5+ fxe5+ 38. fxe5+ Nxe5 39. Ne4+ Ke6
40. Ng3 Nc4 41. Nxh5 Nxa3 42. Kc3 Nc4 43. Ng7+ Kf6 44. Ne8+ Kg6 45. Nc7 Ne3 46.
Ne6 Nd5+ 47. Kb2 Nxb4 48. Nd4 Nd3+ 49. Kc3 Ne5 50. Kb4 Kh5 51. Kc5 Kxh4 52. Kd6
b4 53. Kxe5 b3 54. Nf3+ Kg3 55. Nd2 b2 56. Nb1 1/2-1/2

[Event "4. Open Hotel Avenida de Canarias 2010"]
[Site "Vecindario ESP"]
[Date "2010.07.20"]
[Round "4.10"]
[White "Garcia Blanco, Omar"]
[Black "Fernandez Siles, Luis"]
[Result "1-0"]
[WhiteElo "2179"]
[BlackElo "2368"]
[PlyCount "71"]
[EventDate "2010.07.18"]
[EventType "swiss"]
[EventRounds "9"]
[EventCountry "ESP"]
[Source "lmi"]
[SourceDate "2010.07.18"]

1. e4 e5 2. Nf3 d6 3. d4 exd4 4. Nxd4 Nf6 5. Nc3 g6 6. Be2 Bg7 7. O-O O-O 8. f4
Re8 9. Bf3 a5 10. Ndb5 Na6 11. Be3 Nd7 12. Re1 Ndc5 13. Qd2 Bd7 14. Bd4 Bxb5
15. Bxg7 Kxg7 16. Nxb5 Qf6 17. Qc3 Qxc3 18. Nxc3 c6 19. Rad1 Rad8 20. Re2 b5
21. Kf2 b4 22. Nb1 Nc7 23. g3 Nb5 24. c4 bxc3 25. Nxc3 Nxc3 26. bxc3 Na4 27.
Rc2 Re6 28. e5 c5 29. Bc6 Nb6 30. Rb2 Nc8 31. Rb8 Rf8 32. Bd7 Re7 33. Bxc8 dxe5
34. Rb7 Rxb7 35. Bxb7 exf4 36. gxf4 1-0

[Event "4. Open Hotel Avenida de Canarias 2010"]
[Site "Vecindario ESP"]
[Date "2010.07.20"]
[Round "4.11"]
[White "Sanchez Quintero, Raul"]
[Black "Barlov, Dragan"]
[Result "0-1"]
[WhiteElo "2094"]
[BlackElo "2493"]
[PlyCount "80"]
[EventDate "2010.07.18"]
[EventType "swiss"]
[EventRounds "9"]
[EventCountry "ESP"]
[Source "lmi"]
[SourceDate "2010.07.18"]

1. e4 c5 2. Nf3 e6 3. c3 Nf6 4. e5 Nd5 5. d4 cxd4 6. cxd4 d6 7. Be2 Bd7 8. O-O
Bc6 9. Nc3 Nd7 10. Ne4 Qc7 11. exd6 Bxd6 12. Nxd6+ Qxd6 13. Re1 O-O 14. a3 Rfe8
15. Bd3 f6 16. b4 a6 17. Bd2 Nf8 18. Rc1 Qd7 19. Qe2 Bb5 20. Rc5 Bxd3 21. Qxd3
b6 22. Rc2 Rec8 23. Rxc8 Qxc8 24. Rc1 Qe8 25. Qc2 Ra7 26. g3 Rc7 27. Qd3 Rxc1+
28. Bxc1 Qc6 29. Bb2 Qb7 30. Nd2 Ng6 31. h4 Nge7 32. Qe2 Qc8 33. Ne4 h6 34. Kh2
Nf5 35. h5 Kh7 36. Qd3 Kh8 37. Bc3 Qe8 38. Qd1 Qc6 39. Bb2 Qc4 40. Qa1 Qe2 0-1

[Event "4. Open Hotel Avenida de Canarias 2010"]
[Site "Vecindario ESP"]
[Date "2010.07.20"]
[Round "4.12"]
[White "Vega Gutierrez, Sabrina"]
[Black "Rojas Mirabal, Pedro"]
[Result "1-0"]
[WhiteElo "2373"]
[BlackElo "1996"]
[PlyCount "89"]
[EventDate "2010.07.18"]
[EventType "swiss"]
[EventRounds "9"]
[EventCountry "ESP"]
[Source "lmi"]
[SourceDate "2010.07.18"]

1. e4 c5 2. Nf3 d6 3. d4 cxd4 4. Nxd4 Nf6 5. Nc3 g6 6. Bc4 Bg7 7. O-O O-O 8.
Re1 Nc6 9. Nb3 Ne5 10. Bf1 Bd7 11. a4 Rc8 12. Nd5 Re8 13. a5 Nxd5 14. exd5 Nc4
15. c3 a6 16. Re4 Bb5 17. Nd4 Rc5 18. b3 Ne5 19. Nxb5 axb5 20. b4 Rxc3 21. Bxb5
Rf8 22. Bb2 Rc7 23. Bd4 Qc8 24. f4 Qf5 25. Qe1 Ng4 26. Bxg7 Kxg7 27. Rd1 h6 28.
Bc4 Rfc8 29. Bf1 Rc1 30. Rxc1 Rxc1 31. Qxc1 Qxe4 32. Qc3+ Kh7 33. h3 Ne3 34.
Qd3 Qxf4 35. b5 Nxf1 36. Qxf1 Qd4+ 37. Qf2 Qa1+ 38. Kh2 Qe5+ 39. g3 Qxd5 40. a6
bxa6 41. bxa6 f6 42. a7 Qb7 43. Qa2 Qa8 44. Qf7+ Kh8 45. Qxe7 1-0

[Event "4. Open Hotel Avenida de Canarias 2010"]
[Site "Vecindario ESP"]
[Date "2010.07.20"]
[Round "4.13"]
[White "Robin, Samy"]
[Black "Thomas, Fabien"]
[Result "1-0"]
[WhiteElo "2308"]
[BlackElo "2082"]
[PlyCount "53"]
[EventDate "2010.07.18"]
[EventType "swiss"]
[EventRounds "9"]
[EventCountry "ESP"]
[Source "lmi"]
[SourceDate "2010.07.18"]

1. e4 c5 2. Nf3 d6 3. d4 cxd4 4. Nxd4 Nf6 5. Nc3 a6 6. a4 e5 7. Nb3 Be6 8. f3
Nbd7 9. Be3 Rc8 10. Qd2 Be7 11. Be2 O-O 12. O-O Nb6 13. a5 Nc4 14. Bxc4 Rxc4
15. Nd5 Nxd5 16. exd5 Bf5 17. c3 Qd7 18. Nc1 Ra4 19. Ne2 Rc8 20. b3 Rxa1 21.
Rxa1 Qb5 22. Ra3 Qd3 23. c4 Qb1+ 24. Qc1 Qd3 25. Kf2 Bg6 26. Qc3 Qxc3 27. Nxc3
1-0

[Event "4. Open Hotel Avenida de Canarias 2010"]
[Site "Vecindario ESP"]
[Date "2010.07.20"]
[Round "4.14"]
[White "Rodriguez Melian, Jose Luis"]
[Black "Vega Gutierrez, Belinda"]
[Result "1/2-1/2"]
[WhiteElo "2067"]
[BlackElo "2266"]
[PlyCount "84"]
[EventDate "2010.07.18"]
[EventType "swiss"]
[EventRounds "9"]
[EventCountry "ESP"]
[Source "lmi"]
[SourceDate "2010.07.18"]

1. d4 d6 2. c4 e5 3. d5 Be7 4. Nc3 f5 5. g3 Nf6 6. Nf3 Bd7 7. Nh4 O-O 8. Qc2
Ne8 9. Ng2 a5 10. f4 exf4 11. Nxf4 Na6 12. Bg2 c6 13. O-O Qb6+ 14. Kh1 Qd4 15.
dxc6 bxc6 16. Nb5 Qb6 17. Nd5 Qd8 18. Nxe7+ Qxe7 19. Bf4 Rb8 20. Nc3 Nc5 21.
Qd2 Ne6 22. Be3 Qd8 23. Rad1 Qc7 24. b3 Nd8 25. Bf4 Rf6 26. e4 Nf7 27. c5 h6
28. cxd6 Qd8 29. exf5 Nexd6 30. g4 Rb4 31. Ne4 Nxe4 32. Qxd7 Rd6 33. Qxd8+ Rxd8
34. Rxd8+ Nxd8 35. Kg1 Nf7 36. h3 a4 37. Rc1 axb3 38. axb3 Nf6 39. Bd2 Rxb3 40.
Rxc6 Ne5 41. Rd6 Kh7 42. Kf1 Nc4 1/2-1/2

[Event "4. Open Hotel Avenida de Canarias 2010"]
[Site "Vecindario ESP"]
[Date "2010.07.20"]
[Round "4.16"]
[White "Morales Camacho, Julian"]
[Black "Cruz Pino, Adrian"]
[Result "1-0"]
[WhiteElo "2223"]
[BlackElo "1871"]
[PlyCount "119"]
[EventDate "2010.07.18"]
[EventType "swiss"]
[EventRounds "9"]
[EventCountry "ESP"]
[Source "lmi"]
[SourceDate "2010.07.18"]

1. c4 Nf6 2. Nc3 e6 3. d4 c5 4. d5 exd5 5. cxd5 g6 6. Nf3 d6 7. Bf4 Bg7 8. e3
O-O 9. h3 Na6 10. Nd2 Nc7 11. Nc4 Nfe8 12. a4 b6 13. Na3 a6 14. Be2 Rb8 15. Qd2
Qe7 16. O-O Bd7 17. Nc2 b5 18. axb5 axb5 19. Ra7 b4 20. Nd1 Qd8 21. Re1 Ra8 22.
Rxa8 Qxa8 23. e4 Nb5 24. Bc4 Qb8 25. Bh6 Nf6 26. Bxg7 Kxg7 27. f4 Re8 28. Nf2
Ng8 29. Nd3 f6 30. Qf2 Nh6 31. Re2 Nf7 32. Qe1 Qc7 33. Qd2 Ra8 34. Nf2 b3 35.
Ne1 Nd4 36. Re3 Rb8 37. Nf3 Nxf3+ 38. Rxf3 Rb4 39. Qc3 Rb7 40. Re3 Bb5 41. Ng4
Qd8 42. Bxb3 h5 43. Nf2 c4 44. Bd1 Qb6 45. g4 g5 46. gxh5 gxf4 47. h6+ Nxh6 48.
Rf3 Be8 49. Rxf4 Qxb2 50. Qxc4 Qb5 51. Qc3 Qb2 52. Qg3+ Kh7 53. Rh4 Rg7 54. Bg4
Qc1+ 55. Kh2 Qg5 56. Bf5+ Bg6 57. Ng4 Bxf5 58. exf5 Qd2+ 59. Qg2 Qg5 60. Qf2
1-0

[Event "4. Open Hotel Avenida de Canarias 2010"]
[Site "Vecindario ESP"]
[Date "2010.07.20"]
[Round "4.17"]
[White "Almeida Sanchez, Ciriaco"]
[Black "Trujillo Alvarado, Ivan"]
[Result "0-1"]
[WhiteElo "2002"]
[BlackElo "2196"]
[PlyCount "104"]
[EventDate "2010.07.18"]
[EventType "swiss"]
[EventRounds "9"]
[EventCountry "ESP"]
[Source "lmi"]
[SourceDate "2010.07.18"]

1. e4 c5 2. c3 e6 3. d4 Nf6 4. Bd3 Nc6 5. Nf3 cxd4 6. cxd4 Nb4 7. Nc3 Nxd3+ 8.
Qxd3 d6 9. O-O Be7 10. Bg5 O-O 11. Rfd1 Bd7 12. e5 Ne8 13. Bxe7 Qxe7 14. Rac1
Bc6 15. d5 exd5 16. Nxd5 Bxd5 17. Qxd5 dxe5 18. Qxe5 Qb4 19. a3 Qb6 20. Rd7 Rd8
21. Rxd8 Qxd8 22. h3 Qb6 23. Rc8 Nd6 24. Rxf8+ Kxf8 25. Nd2 Qc6 26. Kh2 f6 27.
Qd4 a6 28. Kg1 Ke7 29. Kh2 Nb5 30. Qd3 g6 31. Nc4 Qe6 32. g3 Nc7 33. Ne3 Ne8
34. Qc3 Kd7 35. Qb4 Nd6 36. Qa4+ Kc8 37. Qd4 Kb8 38. Nd5 f5 39. Qh8+ Nc8 40.
Qd4 Qd6 41. Qf4 Qxf4 42. Nxf4 Nd6 43. Nd3 Kc7 44. Kg2 Kc6 45. Kf3 Kd5 46. Ke3
Nc4+ 47. Ke2 Kd4 48. f4 a5 49. b4 Nxa3 50. bxa5 Nc4 51. g4 Nxa5 52. Ne5 Ke4 0-1